| 000 | 01998nam0a2200433 4500 | ||
|---|---|---|---|
| 001 | RU\NLR\bibl\395254 | ||
| 005 | 20260406014236.0 | ||
| 010 | _a5-901813-05-7 | ||
| 021 |
_aRU _b2003-8657 _9401 |
||
| 035 | _a(NLR Aleph) 000389505 | ||
| 090 |
_a506605 _c506605 |
||
| 100 | _a20030414d2002 |||y0rusy50 ca | ||
| 101 | 0 | _arus | |
| 102 | _aRU | ||
| 105 | _aa ||||||||| | ||
| 200 | 1 |
_aОружейные реликвии Российского флота _eИз коллекции Центр. воен.-мор. музея _fИ. П. Суханов |
|
| 210 |
_aСПб. _cФортэкс _d2002 |
||
| 215 |
_a207, [1] с. _cил. _d28 |
||
| 300 | _aНа авантит.: К 300-летию Санкт-Петербурга | ||
| 320 | _aБиблиогр. в конце разд. | ||
| 601 | 0 | 2 |
_aЦентральный военно-морской музей _cСанкт-Петербург, город _xКоллекции оружия _92290092 _3RU\NLR\auth\661371578 |
| 610 | 0 | _aМузеи военно-морские | |
| 610 | 0 | _aОружие - История - Музейные собрания | |
| 610 | 0 | _aВоенно-морские суда - Вооружение - История | |
| 610 | 0 | _aРоссийская Федерация | |
| 610 | 0 | _aСанкт-Петербург, техника воен.-мор. флотавоен.-мор. музеи | |
| 675 |
_a623.44:359(47+57):069.02(470.23-25) _v3 _zrus |
||
| 686 |
_a78.25 _2rugasnti |
||
| 686 |
_a68.8 _2rubbk |
||
| 686 | _aЦ9г(2)л(2)61 | ||
| 700 | 1 |
_4070 _8rus _7ca _aСуханов _bИ. П. _cканд. воен.-мор. наук _f1927- _gИгорь Павлович _3RU\NLR\AUTH\77119747 _9102672 |
|
| 712 | 0 | 2 |
_4570 _aЦентральный военно-морской музей _cСанкт-Петербург _9388534 _3RU\NLR\AUTH\889946478 |
| 801 | 0 |
_aRU _bRKP _c20030414 _gPSBO |
|
| 801 | 1 |
_aRU _bRKP _c20030414 |
|
| 801 | 2 |
_aRU _bNLR _c20130131 _grcr |
|
| 942 | _cBOOK | ||
| 980 | _aNB | ||